Vojenský újezd jako determinant populačního vývoje daného mikroregionu?

Historické pozadie vzniku velkoplošných cvičíšť pre výcvik armády. Vývoj počtu obyvateľov (bývalých) vojenských obvodov v rokoch sčítania ľudu v ČR. Teoretické východiská sledovanej problematiky. Prirodzený pohyb obyvateľstva vo vojenských obvodoch. Celkový vývoj počtu obyvateľov a vekovej štruktúry...

Ausführliche Beschreibung

Gespeichert in:
Bibliographische Detailangaben
1. Verfasser: Kusovská, Marie
Format: Buchkapitel
Sprache:Tschechisch
Schlagworte:
Tags: Tag hinzufügen
Keine Tags, Fügen Sie das erste Tag hinzu!

MARC

LEADER 00000naa a2200000 4500
001 0174041
005 20220715114601.9
041 0 |a cze 
044 |a CZ 
245 1 0 |a Vojenský újezd jako determinant populačního vývoje daného mikroregionu?  |c Marie Kusovská 
520 |a Historické pozadie vzniku velkoplošných cvičíšť pre výcvik armády. Vývoj počtu obyvateľov (bývalých) vojenských obvodov v rokoch sčítania ľudu v ČR. Teoretické východiská sledovanej problematiky. Prirodzený pohyb obyvateľstva vo vojenských obvodoch. Celkový vývoj počtu obyvateľov a vekovej štruktúry (1995-2010). 
610 2 0 |a demografia 
610 2 0 |a obyvateľstvo 
610 2 0 |a vývoj 
610 2 0 |a armáda 
610 2 0 |a regióny 
610 2 0 |a Česko 
610 2 0 |a štatistika 
100 1 |a Kusovská, Marie